Estabilización automática y seguridad social: Brasil, México, Costa Rica y Chile /

El artículo presenta un modelo empírico que estima las propiedades de estabilización automática de los sistemas de seguridad social de México, Costa Rica, Chile y Brasil. El objetivo fundamental es estimar el impacto, como mecanismo contra-cíclico, de estos programas a nivel de políticas públicas. L...

Celý popis

Uloženo v:
Podrobná bibliografie
Hlavní autor: Fisher, Eloy
Médium: Text
Témata:
Tagy: Přidat tag
Žádné tagy, Buďte první, kdo vytvoří štítek k tomuto záznamu!

MARC

LEADER 00000 a a2200000 04500
001 46177
003
040
100 |a Fisher, Eloy  
245 |a Estabilización automática y seguridad social:   |b Brasil, México, Costa Rica y Chile /  |c Eloy Fisher  
520 |a El artículo presenta un modelo empírico que estima las propiedades de estabilización automática de los sistemas de seguridad social de México, Costa Rica, Chile y Brasil. El objetivo fundamental es estimar el impacto, como mecanismo contra-cíclico, de estos programas a nivel de políticas públicas. Los resultados sugieren cierta contra-ciclicidad por el lado de las contribuciones, aunque el desembolso de beneficios no parece tener efectos significativos.  
590 |a DISEMINAR082014/RRH/AGOSTO2014  
650 |a MACROECONOMIA  
650 |a SEGURIDAD SOCIAL  
650 |a CICLO ECONOMICO  
650 |a POLITICAS GUBERNAMENTALES  
650 |a ASISTENCIA SOCIAL  
650 |a INFLACION  
650 |a 7.ESTABILIZACION ECONOMICA  
650 |a 8.AMERICA LATINA  
773 |g volumen44, número173 (2013), páginas 9-29 : tablas, gráficos  
999 |c 24426  |d 24426